مكتبة جامعة عجلون الوطنية

فهرس بحث المكتبة

Normal view MARC view
  • الحقوق المدنية والسياسية-حقوق الانسان في النزاعات المسلحة-الاحوال الاجتماعية-الاحتلال العسكري-العراق

Entry Topical Term

Number of records used in: 1

001 - CONTROL NUMBER

  • control field: 64107

003 - CONTROL NUMBER IDENTIFIER

  • control field: JO-AjAnu

005 - DATE AND TIME OF LATEST TRANSACTION

  • control field: 20230606084448.0

008 - FIXED-LENGTH DATA ELEMENTS

  • fixed length control field: 230606|| aca||aabn | a|a d

040 ## - CATALOGING SOURCE

  • Original cataloging agency: JO-AjAnu
  • Transcribing agency: JO-AjAnu

150 ## - HEADING--TOPICAL TERM

  • Topical term or geographic name entry element: الحقوق المدنية والسياسية-حقوق الانسان في النزاعات المسلحة-الاحوال الاجتماعية-الاحتلال العسكري-العراق

670 ## - SOURCE DATA FOUND

  • Source citation: Work cat.: (JO-AjAnu)32682: مجموعة باحثين, author 64106, مرجل الاحتلال: جوانب من واقع حقوق الانسان في العراق بعد الاحتلال الامريكي 2003